000 00768nam a2200205 4500
001 3351
005 20210812150231.0
008 190920b ||||| |||| 00| 0 eng d
020 0 0 _a9789993615163
090 0 0 _a495.813 D999d 2012
110 _aDzongkha Development Commission.
245 0 0 _aརྫོང་ཁའི་རྗོད་སྒྲ་ངག་རྒྱུན་དག་དང་པའི་ཁྲུས་ཆུ།
_cDzongkha Development Commission.
246 _a[Ngak gyun dak pe tru chu].
250 0 0 _a1st edition.
260 0 0 _aThimphu :
_bDzongkha Development Commission,
_c2012.
300 0 0 _a399 p.
650 _aDzongkha language --Pronunciation.
650 0 0 _aDzongkha language --Pronunciation --Study and teaching.
942 _2ddc
_cDZONGKHA
999 _c2712
_d2712